000 01263nam a22002657a 4500
005 20170124103131.0
010 _aA-692036
020 _c80.00
035 _aA-692036
037 _bCen Lib/Ret
040 _aDPL
_bHN
082 _a305.56
_bमेश्राम
100 _aमेश्राम, एल० जी०
_93200
245 _aबौद्धमत :
_cएल० जी० मेश्राम
_bडा. अम्बेडकर और सामाजिक लोकतन्त्र /
246 _aBaudhmat : dr. Ambedkar aur samajik loktantra /
_bby L. G. Mesharam
260 _aदिल्ली
_bसंगीता प्रकाशन
_c1994
270 _a30/64, गली नं० 8, विश्वासनगर
_bदिल्ली
_e110032
300 _a136पृ.
_c21सेमी(सजिल्द)
500 _aअनुक्रमणिका शामिल
650 _aअम्बेडकर--सामाजिक जीवन
_984230
650 _aअम्बेडकर--सामाजिक आन्दोलन
_984231
650 _aAmbedkar--Social Life
_984232
650 _aAmbedkar--Social Movements
_984233
942 _2ddc
_cHN
_h305.56
_mमेश्राम
999 _c119295
_d119295